00419nam a22001572 4500001001100000005001700011008004100028020001700069040001500086100003100101245007300132250001300205260002900218300001100247852000300258000000980420151217160123.0081130s xx 000 0 eng d a0780707338 : aKABUcKABU1 aPaulsen, Gary.@000000025414aThe Boy who owned the achool :ba comedy of love /cby Gary Paulsen. a1st ed. aNew York :bDell,c1990. a85 p.1